|
|
|
|
| LEADER |
01143nam a2200301 a 4500 |
| 001 |
25649 |
| 003 |
BD-DhAAL |
| 008 |
120724s1999 enk b 001 0 eng d |
| 010 |
|
|
|a 99041268
|
| 020 |
|
|
|a 1856496937 (hb)
|
| 020 |
|
|
|a 1856496945 (pb)
|
| 020 |
|
|
|a 9781856496933
|
| 040 |
|
|
|a DLC
|c DLC
|d DLC
|d BD-DhAAL
|
| 082 |
0 |
0 |
|a 305.42
|2 21
|
| 245 |
0 |
0 |
|a Feminists doing development :
|b a practical critique /
|c edited by Marilyn Porter and Ellen Judd.
|
| 260 |
|
|
|a London ;
|a New York :
|b Zed Books,
|c 1999.
|
| 300 |
|
|
|a x, 246 pages ;
|c 23 cm.
|
| 504 |
|
|
|a Includes bibliographical references (pages 227-239) and index.
|
| 541 |
|
|
|a 25649
|
| 650 |
|
0 |
|a Women in development.
|
| 650 |
|
0 |
|a Feminism
|z Developing countries.
|
| 650 |
|
0 |
|a Feminists
|z Developing countries.
|9 54931
|
| 700 |
1 |
|
|a Porter, Marilyn,
|d 1942-
|9 54932
|
| 700 |
1 |
|
|a Judd, Ellen R.,
|d 1950-
|9 54933
|
| 852 |
1 |
|
|a Ayesha Abed Library
|c General Stacks
|
| 942 |
|
|
|2 ddc
|c BK
|
| 999 |
|
|
|c 12615
|d 12615
|
| 952 |
|
|
|0 0
|1 0
|2 ddc
|4 0
|6 305_420000000000000_FEM
|7 0
|9 20809
|a BIGD
|b BIGD
|c GEN
|d 2012-07-24
|e BDI
|l 0
|o 305.42 FEM
|p 3050025649
|r 2012-07-24
|t 1
|w 2012-07-24
|y BK
|x Transferred from BDI to BIGD.
|